000 00800cam a22002054a 4500
005 20250605164218.0
008 250528s ||||||||||||||||||||||||d
035 _a20538
020 _a340262486
040 _aGR-AtMCL
_bgre
_dGR-AtMCL
_eAACR2
245 1 _aThe Spymasters of Israel
260 _bHodder & Stoughton,
_c1981
300 _a332
505 0 _aPreface, Prologue, Uneasy Genesis, Early Struggles, The Big Leagues, End of an Era, Day of the Generals, Palestian Terrorism, Into the Eighties, Bibliography, Index.
520 _aPreface, Prologue, Uneasy Genesis, Early Struggles, The Big Leagues, End of an Era, Day of the Generals, Palestian Terrorism, Into the Eighties, Bibliography, Index.
700 1 _aSteven Stewart
_96521
942 _cBK
999 _c5636
_d5636